000 00206 a2200097 4500
001 32756
100 _a
245 _aLogarithmatic Tables
260 _aKarachi
_bAir Headquarters
_c
090 _c21950
_d21950
942 _aNUST-CAE
_cM
_c13281
999 _c267829
_d267829